| 000 | 00547nam a22001697a 4500 | ||
|---|---|---|---|
| 003 | SISC | ||
| 005 | 20180411165156.0 | ||
| 008 | 180411b xxu||||| |||| 00| 0 eng d | ||
| 020 | _a9789814677790 | ||
| 050 |
_aDS 610.73.L45 _b.Up65 2016 |
||
| 245 |
_aUp close with Lee Kuan Yew : _binsights from colleagues and friends / |
||
| 260 |
_aSingapore : _bMarshall Cavendish Editions, _c2016. |
||
| 300 | _a328 pages | ||
| 650 | _aLee, Kuan Yew, -- 1923-2015 -- Anecdotes. | ||
| 650 | _aPrime ministers -- Singapore -- Anecdotes. | ||
| 942 |
_2lcc _cBK |
||
| 999 |
_c356380 _d356380 |
||